000 00621nam a22002177a 4500
003 UA-OsUOA
001 53613
007 ta
008 20080411b un ||||| |||| 00| 0 ukr d
100 _aБогданова М.
090 _a82
_bБ-12
942 _cSA
040 _aUA-OsUOA
_bukr
_cUA-OsUOA
_dUA-OsUOA
245 _aЖанрово-стильові особливості української історичної новели ХХ ст.
300 _aС.44-49
955 _a0
041 _aukr
080 _a82
773 0 _w53612
650 7 _a82 Література. Літературознавство
_2UDC
999 _c339701
_d339701